All NFL New England Patriots Starting Quarterbacks - Statistics

General Stats
  • This quiz has been taken 161 times
  • The average score is 8 of 29
Answer Stats
Dates Answer % Correct
2001-2019 Tom Brady
99%
1993-2001 Drew Bledsoe
95%
2016 Jimmy Garoppolo
84%
2008 Matt Cassel
68%
2016 Jacoby Brissett
65%
1975-1990 Steve Grogan
58%
1983-1989 Tony Eason
49%
1971-1975 Jim Plunkett
43%
1987-1989 Doug Flutie
36%
1961-1967 Babe Parilli
26%
1992, 1995, 1998 Scott Zolak
21%
1965 Eddie Wilson
16%
1991-1992 Hugh Millen
16%
1989-1990 Marc Wilson
16%
1970 Joe Kapp
14%
1980-1982 Matt Cavanaugh
11%
1993 Scott Secules
10%
1990-1992 Tommy Hodson
10%
1968-1970 Mike Taliaferro
6%
1960 Tom Greene
5%
1981 Tom Owen
5%
1987-1988 Tom Ramsey
5%
1960-1961 Butch Songin
4%
1992 Jeff Carlson
4%
1987 Bob Bleier
3%
1975 Neil Graff
3%
1968 Tom Sherman
3%
1967 Don Trull
2%
1962 Tom Yewcic
2%
No matching quizzes found
Score Distribution
Percent of People with Each Score
Percentile by Number Answered
Your Score History
You have not taken this quiz